Bharat dictionary of geography / (Record no. 164804)
[ view plain ]
| 000 -LEADER | |
|---|---|
| fixed length control field | 00493nam a22001697a 4500 |
| 005 - DATE AND TIME OF LATEST TRANSACTION | |
| control field | 20190610155116.0 |
| 010 ## - LCCN (DPL NO) | |
| LC control number | B-161345 |
| 020 ## - INTERNATIONAL STANDARD BOOK NUMBER | |
| International Standard Book Number | 8186378014 |
| Terms of availability | 100.00 |
| 035 ## - SYSTEM CONTROL NUMBER | |
| System control number | B-161345 |
| 037 ## - SOURCE OF ACQUISITION | |
| Source of stock number/acquisition | Bharat Publishing House |
| 082 ## - DEWEY DECIMAL CLASSIFICATION NUMBER | |
| Classification number | 910.03 |
| 245 ## - TITLE STATEMENT | |
| Title | Bharat dictionary of geography / |
| Statement of responsibility, etc | edited by Alexander S. Job |
| 260 ## - PUBLICATION, DISTRIBUTION, ETC. (IMPRINT) | |
| Place of publication, distribution, etc | New Delhi |
| Name of publisher, distributor, etc | Bharat Publishing House |
| Date of publication, distribution, etc | 2004 |
| 300 ## - PHYSICAL DESCRIPTION | |
| Extent | 165p |
| Dimensions | 23cm (Pbk) |
| 700 ## - ADDED ENTRY--PERSONAL NAME | |
| Personal name | Job, Alexander S. |
| 942 ## - ADDED ENTRY ELEMENTS (KOHA) | |
| Source of classification or shelving scheme | Dewey Decimal Classification |
| Item type | English Books |
| Classification part | 910.03 |
| Call number suffix | BHA |
| Withdrawn status | Lost status | Not for loan | Collection code | Home library | Current library | Date acquired | Full call number | Barcode | Koha item type | Cost, normal purchase price | Cost, replacement price |
|---|---|---|---|---|---|---|---|---|---|---|---|
| Non-fiction | Qila Rai Pithora | Qila Rai Pithora | 10/06/2019 | 910.03 BHA | B-161340 | English Books | |||||
| Non-fiction | R.C.Libraries (zls) | R.C.Libraries (zls) | 19/09/2019 | 910.03 BHA | B-161348 | English Books | 100.00 | 100.00 | |||
| Non-fiction | Sarojini Nagar | Sarojini Nagar | 27/05/2019 | 910.03 BHA | B-161345 | English Books | |||||
| Non-fiction | Sarojini Nagar | Sarojini Nagar | 02/07/2019 | 910.03 BHA | B-161337 | English Books |
